Language Quiz

Random Language or Latin Quiz

Can you conjugate the Latin verb 'possum, posse, potui' Quiz Stats

 Plays Quiz not verified by Sporcle

Support Sporcle.
Go Orange.
Score 0/66 Timer 15:00
0 Plays Today
Person and Number Form % Correct
1st Singularpossum
100%
2nd Singularpotes
100%
3rd Singularpotest
100%
1st Pluralpossumus
90.9%
2nd Pluralpotestis
90.9%
3rd Pluralpossunt
90.9%
1st Singularpoteram
72.7%
2nd Singularpoteras
72.7%
3rd Singularpoterat
72.7%
1st Pluralpoteramus
72.7%
2nd Pluralpoteratis
72.7%
3rd Pluralpoterant
72.7%
1st Singularpotero
72.7%
2nd Singularpoteris
72.7%
3rd Singularpoterit
72.7%
1st Pluralpoterimus
72.7%
2nd Pluralpoteritis
72.7%
3rd Pluralpoterint
72.7%
1st Singularpotui
72.7%
2nd Singularpotuisti
72.7%
3rd Singularpotuit
72.7%
1st Pluralpotuimus
72.7%
2nd Pluralpotuistis
72.7%
3rd Pluralpotuerunt
72.7%
1st Singularpotueram
72.7%
2nd Singularpotueras
72.7%
3rd Singularpotuerat
72.7%
1st Pluralpotueramus
72.7%
2nd Pluralpotueratis
72.7%
3rd Pluralpotuerant
72.7%
1st Singularpotuero
72.7%
2nd Singularpotueris
72.7%
3rd Singularpotuerit
72.7%
Person and Number Form % Correct
1st Pluralpotuerimus
72.7%
2nd Pluralpotueritis
72.7%
3rd Pluralpotuerint
72.7%
1st Singularpossim
72.7%
2nd Singularpossis
72.7%
3rd Singularpossit
72.7%
1st Pluralpossimus
72.7%
2nd Pluralpossitis
72.7%
3rd Pluralpossint
72.7%
1st Singularpossem
72.7%
2nd Singularposses
72.7%
3rd Singularposset
72.7%
1st Pluralpossemus
72.7%
2nd Pluralpossetis
72.7%
3rd Pluralpossent
72.7%
1st Singularpotuerim
72.7%
2nd Singularpotueris
72.7%
3rd Singularpotuerit
72.7%
1st Pluralpotuerimus
72.7%
2nd Pluralpotueritis
72.7%
3rd Pluralpotuerint
72.7%
1st Singularpotuissem
72.7%
2nd Singularpotuisses
72.7%
3rd Singularpotuisset
72.7%
1st Pluralpotuissemus
72.7%
2nd Pluralpotuissetis
72.7%
3rd Pluralpotuissent
72.7%
Presentposse
45.5%
Perfectpotuisse
45.5%
Presentpotens
45.5%
2nd Singularpotes
27.3%
2nd Singularpotesto
27.3%
2nd Pluralpoteste
18.2%

You're not logged in!

Compare scores with friends on all Sporcle quizzes.
OR
Log In

From the Vault

Test Your Reflexes - Clickable!

by Bolafssonify

We said clickable, not kickable.
Remove Ads.
Support Sporcle.
Get the best of Sporcle when you Go Orange. This ad-free experience offers more features, more stats, and more fun while also helping to support Sporcle. Thank you for becoming a member.

Show Comments

Extras

Top Quizzes Today


Score Distribution

Your Account Isn't Verified!

In order to create a playlist on Sporcle, you need to verify the email address you used during registration. Go to your Sporcle Settings to finish the process.

Report this User

Report this user for behavior that violates our Community Guidelines.

Details: